Caso Gerardi: justicia para un hombre justo /

Đã lưu trong:
Chi tiết về thư mục
Tác giả chính: Hernández Pico, Juan
Định dạng: Texto
Những chủ đề:
Các nhãn: Thêm thẻ
Không có thẻ, Là người đầu tiên thẻ bản ghi này!

MARC

LEADER 00000 a a2200000 04500
001 7163
003
040
100 |a Hernández Pico, Juan  
245 |a Caso Gerardi:   |b justicia para un hombre justo /  |c Juan Hernández Pico 
650 |a HOMICIDIO  
650 |a RESPONSABILIDAD PENAL  
650 |a PERSONAL MILITAR  
773 |g volumen 20, número 231; páginas 37-45  
999 |c 23867  |d 23867